000 00839nam a22002417a 4500
005 20180316115141.0
010 _aENG-105623
020 _c250.00
_a9788184301618
035 _aEN-89156
035 _aB-528636-642
035 _aB-667796
037 _bDBAD/PUB
037 _bOcean Books
082 _a181.46
100 _aSaraf, Nandini
245 _aThe Life & Times of Swami Vivekananda /
_cby Nandini Saraf
260 _aNew Delhi
_bOcean Books
_c2012
270 _a4/19 Asaf Ali Road
_bNew Delhi
_e110002
300 _a152p.
_c22cm(Hb)
942 _2ddc
_cEN
_mSAR
_h181.46
999 _c69286
_d69286